000 00465nam a2200181Ia 4500
008 090124s9999 xx 000 0 und d
082 _b119590
100 _aसाळोखे विलास
245 _a मिथुन
250 _a1
260 _c1983
300 _a102
600 _aसाळोखे विलास
630 _a मिथुन
700 _aसाळोखे विलास
730 _a मिथुन
942 _cBOOK
999 _c165676
_d165676